000
00290nam a2200085Ia 4500
245
0
_a
Waiter & waitress training : how to develop your staff for maximum service & profit
100
_a
Arduser, Lora Ocala, Fla., 2003
_9
96003
942
_c
BK
008
210817s9999 xx 000 0 und d
999
_c
401639
_d
401638